000 00259nam a2200109Ia 4500
008 230320s9999||||xx |||||||||||||| ||spa||
082 _a868.6/F38C
100 _aFérnandez Flores, Wenceslao
245 0 _aObras Completas
260 _bAguilar
942 _82
_cLIB
999 _c35398
_d35398